Statistics for Florida Keys Along U.S. Highway 1 (Difficult...Don't Try)

Click here to take the quiz!

General Stats

  • This quiz has been taken 230 times
  • The average score is 10 of 39

Answer Stats

Mile MarkerKey% Correct
0-4Key West
94%
91-107Key Largo
79%
30-32Big Pine Key
58%
17Lower Sugarloaf Key
37%
19-20Sugarloaf Key
37%
39.75Little Duck Key
35%
21-23Cudjoe Key
33%
61Duck Key
33%
37-38Bahia Honda Key
32%
53-55Fat Deer Key
32%
24-25Summerland Key
29%
48-53Vaca Key
29%
66-70Long Key
27%
74-77Lower Matecumbe Key
27%
28-28.5Torch Keys
27%
80-83Upper Matecumbe Key
27%
86-90Plantation Key
26%
10Big Coppitt Key
21%
48Boot Key
20%
58-60Grassy Key
20%
9-9.5Rockland Keys
20%
38.75Ohio Key/Sunshine Key
19%
27Ramrod Key
19%
85Windley Key
19%
6.5-8Boca Chica Key
17%
12-16Saddlebunch Keys
17%
11.25Shark Key
17%
62-63Conch Key
15%
45Pigeon Key
15%
70Fiesta Key
14%
47Knights Key
13%
39.25Missouri Key
13%
5.25Raccoon Key/Key Haven
13%
34-35Scout Key
13%
18Park Key
12%
56.5Crawl Key
11%
56Long Point Key
11%
72Craig Key
8%
53.75Shelter Key
7%

Score Distribution

Percentile by Number Answered

Percent of People with Each Score

Your Score History

You have not taken this quiz